00675nam a2200169 i 450000100060000000300090000600700030001500800410001810000470005924501090010626000480021530000290026370000430029285200320033599900170036795201210038424385ES-MaACLt|021217s1984 sp ||||1| spa d1 aAnasagasti Valderrama, Ana María.92137710aNiebla en la época de Alfonso X / cAna María Anasagasti Valderrama y Laureano Rodríguez Liañez. aHuelva : b[Caja Rural Provincial], c1984. a59 p. : bil. ; c23 cm.1 aRodríguez Liañez, Laureano.998603 aES-MaACLjL-7744 bR.108281 c24385d24385 00104070aATENEOMbATENEOMcDEPO2d2008-01-17eSCl0oL-7744p1025143r2023-02-23 00:00:00w2023-02-23yMONOGRAFIA